Statistics for Countries with Three or Four Consonants in a Row

Click here to take the quiz!

General Stats

  • This quiz has been taken 201 times
  • The average score is 10 of 30

Answer Stats

HintAnswer% Correct
North AmericaUnited States
58%
EuropeUnited Kingdom
56%
AsiaKyrgyzstan
53%
AsiaTurkmenistan
47%
OceaniaAustralia
46%
AsiaAfghanistan
45%
AsiaKazakhstan
44%
North AmericaSaint Kitts and Nevis
41%
EuropeAustria
36%
EuropeNetherlands
36%
OceaniaMarshall Islands
35%
EuropeCzech Republic
34%
EuropeLiechtenstein
34%
North AmericaSaint Vincent and the Grenadines
34%
AsiaNorth Korea
33%
AsiaSouth Korea
32%
North AmericaSaint Lucia
30%
AfricaDemocratic Republic of the Congo
29%
AfricaRepublic of the Congo
29%
North AmericaTrinidad and Tobago
28%
OceaniaSolomon Islands
27%
OceaniaFederated States of Micronesia
26%
AfricaSouth Sudan
24%
North AmericaAntigua and Barbuda
23%
AsiaBangladesh
23%
EuropeBosnia and Herzegovina
23%
AfricaBotswana
14%
AfricaSao Tome and Principe
14%
AfricaCentral African Republic
13%
AsiaEast Timor
13%

Score Distribution

Percentile by Number Answered

Percent of People with Each Score

Your Score History

You have not taken this quiz